LIBRARY & INFORMATION CENTRE, KCAET, TAVANUR

ONLINE PUBLIC ACCESS CATALOGUE (OPAC)

Irradiation of food commodities : techniques, applications, detection, legislation, safety and consumer opinion (Record no. 15692)

MARC details
000 -LEADER
fixed length control field 00454nam a22001457a 4500
003 - CONTROL NUMBER IDENTIFIER
control field OSt
008 - FIXED-LENGTH DATA ELEMENTS--GENERAL INFORMATION
fixed length control field 190528b ||||| |||| 00| 0 eng d
020 ## - INTERNATIONAL STANDARD BOOK NUMBER
ISBN 9789351071983
082 ## - DEWEY DECIMAL CLASSIFICATION NUMBER
Classification number 664.0288
Item number ARV/IR
100 ## - MAIN ENTRY--AUTHOR NAME
Personal name Arvanitoyannis, Ioannis S.
245 ## - TITLE STATEMENT
Title Irradiation of food commodities : techniques, applications, detection, legislation, safety and consumer opinion
260 ## - PUBLICATION, DISTRIBUTION, ETC. (IMPRINT)
Place of publication New Delhi
Name of publisher Academic Press
Year of publication 2014
300 ## - PHYSICAL DESCRIPTION
Number of Pages 710 p.
942 ## - ADDED ENTRY ELEMENTS (KOHA)
Koha item type Books
Holdings
Withdrawn status Lost status Damaged status Collection code Home library Current library Shelving location Date acquired Full call number Accession Number Koha item type
      Non-fiction KAUAET KAUAET General Stacks 28/05/2019 664.0288 ARV/IR 25899 Books
free website counter